Didácticas de la filosofía: entre enseñar y aprender a filosofar

Gespeichert in:
Bibliographische Detailangaben
Hauptverfasser: Cerletti, Alejandro (VerfasserIn), Couló, Ana (VerfasserIn)
Format: Buch
Sprache:Spanisch
Veröffentlicht: Buenos Aires Novedades Educativas 2015
Ausgabe:1a. ed
Schlagworte:
Tags: Tag hinzufügen
Keine Tags, Fügen Sie den ersten Tag hinzu!

MARC

LEADER 00000cam a2200000 a 4500
001 UCC3553
003 CL-VaPUC
008 180527e20150400ag |||||||||||||||||spa|d
020 |a 9789875384323 
082 0 4 |a 107  |b CER  |2 21 
100 0 |a Cerletti, Alejandro  |e author  |9 597580 
700 0 |a Couló, Ana  |e author  |9 597581 
245 1 0 |a Didácticas de la filosofía: entre enseñar y aprender a filosofar 
250 |a 1a. ed 
300 |a 166 p 
942 |c BK 
945 |d 20180527 18:33:00  |a arojas 
260 |a Buenos Aires  |b Novedades Educativas  |c 2015 
650 0 |a Enseñanza de la filosofía   |9 256848 
650 0 |a Métodos de enseñanza  |9 270413 
583 |a last modification  |c 20180527 18:33:00  |k Rodrigo Vera 
999 |c 371251  |d 371249 
952 |0 0  |1 0  |3 erb  |4 0  |6 107_000000000000000_CER_2015  |7 0  |8 A  |9 488181  |a BIBEDU  |b BIBEDU  |i 5470412  |l 1  |m 8  |o 107 CER 2015  |p 5470412  |r 2024-10-16  |s 2024-08-16  |w 2019-11-24  |y BK  |z Catalogado en:20180527  |k FIL